LEADER 01439nas 2200361 n 450 001 990008971540403321 005 20240229084307.0 011 $a0360-9049 035 $a000897154 035 $aFED01000897154 035 $a(Aleph)000897154FED01 035 $a000897154 091 $2CNR$aP 00070973 100 $a20161109a19249999km-y0itaa50------ba 101 0 $aeng 102 $aUS 110 $aauu-------- 200 1 $aHebrew Union College Annual 207 1$a1924- 210 $aCincinnati$cHebrew Union College 530 0 $aHebrew Union College Annual 676 $a296.05 712 02$aHebrew Union College 801 0$aIT$bACNP$c20090723 859 4 $uhttp://acnp.cib.unibo.it/cgi-ser/start/it/cnr/dc-p1.tcl?catno=45488&person=false&language=ITALIANO&libr=&libr_th=unina1$zBiblioteche che possiedono il periodico 901 $aSE 912 $a990008971540403321 958 $aBRAU. Biblioteca di Ricerca di Area Umanistica$b1982-1983;1985;1988-1990;1992;1995-$eAmerica 32$fFLFBC 959 $aFLFBC 996 $aHebrew Union College Annual$9795991 997 $aUNINA AP1 8 $6866-01$aNA072 BRAU. Biblioteca di Ricerca di Area Umanistica$bAmerica 32$ePiazza Bellini 56/60, 80133 Napoli (NA)$m(081) 2533948$nit AP2 40$aacnp.cib.unibo.it$nACNP Italian Union Catalogue of Serials$uhttp://acnp.cib.unibo.it/cgi-ser/start/it/cnr/df-p.tcl?catno=45488&language=ITALIANO&libr=&person=&B=1&libr_th=unina&proposto=NO